Southville International School and Colleges
Your cart is empty.
  • Cart
  • Lists
    Public lists Eva Luna New books Lux_list list_1
    Your lists Log in to create your own lists
  • Log in to your account
  • Your cookies
  • Search history
Southville International School and Colleges
  • Advanced search
  • Recent comments
  • Most popular
  • Libraries

Log in to your account

Log in with GOOGLE


If you do not have an external account, but do have a local account, you can still log in:

  1. Home
  2. MARC view: Applied behavior analysis in early childhood education
Normal view MARC view ISBD view

Applied behavior analysis in early childhood education (Record no. 366154)

[ view plain ]
MARC details
000 -LEADER
fixed length control field 00843nam a22002297a 4500
003 - CONTROL NUMBER IDENTIFIER
control field 0
005 - DATE AND TIME OF LATEST TRANSACTION
control field 20240828082537.0
008 - FIXED-LENGTH DATA ELEMENTS--GENERAL INFORMATION
fixed length control field 240828b xxu||||| |||| 00| 0 eng d
020 ## - INTERNATIONAL STANDARD BOOK NUMBER
International Standard Book Number 978-032-36288-5
050 ## - LIBRARY OF CONGRESS CALL NUMBER
Classification number LB 1060.2
Item number .C37 2024
100 ## - MAIN ENTRY--PERSONAL NAME
Personal name Casey, Laura Baylot
245 ## - TITLE STATEMENT
Title Applied behavior analysis in early childhood education
Remainder of title an introduction to evidence-based interventions and teaching strategies
Statement of responsibility, etc Laura Baylot Casey and Stacy L. Carter
250 ## - EDITION STATEMENT
Edition statement Second edition
260 ## - PUBLICATION, DISTRIBUTION, ETC. (IMPRINT)
Place of publication, distribution, etc New York
Name of publisher, distributor, etc Routledge Taylor and Francis Group
Date of publication, distribution, etc 2024
300 ## - PHYSICAL DESCRIPTION
Extent xi, 223 pages ;
Dimensions 23cm.
504 ## - BIBLIOGRAPHY, ETC. NOTE
Bibliography, etc Includes bibliographical references and index. <br/>
650 ## - SUBJECT ADDED ENTRY--TOPICAL TERM
Topical term or geographic name as entry element Behavioral assessment.
650 ## - SUBJECT ADDED ENTRY--TOPICAL TERM
Topical term or geographic name as entry element Behavior modification.
650 ## - SUBJECT ADDED ENTRY--TOPICAL TERM
Topical term or geographic name as entry element Early childhood education.
650 ## - SUBJECT ADDED ENTRY--TOPICAL TERM
Topical term or geographic name as entry element Teachers--in service--training.
942 ## - ADDED ENTRY ELEMENTS (KOHA)
Source of classification or shelving scheme Library of Congress Classification
Koha item type Books
Holdings
Withdrawn status Lost status Source of classification or shelving scheme Damaged status Home library Current library Shelving location Date acquired Source of acquisition Sub Shelving location Total Checkouts Full call number Barcode Date last seen Price effective from Koha item type
    Library of Congress Classification   College Library College Library Reserve Section 08/28/2024 Library Fund     LB 1060.2 .C37 2024 C23476 08/28/2024 08/28/2024 Books

Applied behavior analysis in early childhood education

APA

Casey L. B., . (2024). Applied behavior analysis in early childhood education. New York: Routledge Taylor and Francis Group.

Chicago

Casey Laura Baylot, . 2024. Applied behavior analysis in early childhood education. New York: Routledge Taylor and Francis Group.

Harvard

Casey L. B., . (2024). Applied behavior analysis in early childhood education. New York: Routledge Taylor and Francis Group.

MLA

Casey Laura Baylot, . Applied behavior analysis in early childhood education. New York: Routledge Taylor and Francis Group. 2024.

  • Place hold
  • Print
  • Cite
  • Add to your cart (remove)
  • Save record
    BIBTEX Dublin Core MARCXML MARC (non-Unicode/MARC-8) MARC (Unicode/UTF-8) MARC (Unicode/UTF-8, Standard) MODS (XML) RIS
  • More searches
    Search for this title in:
    Other Libraries (WorldCat) Other Databases (Google Scholar) Online Stores (Bookfinder.com) Open Library (openlibrary.org)

Exporting to Dublin Core...

SOUTHVILLE LIBRARY

Southville International School and Colleges Library

1281 Tropical Ave. Cor. Luxembourg St., BF Homes International, Las Pinas City

Tel. No. 8256374 / 252358 Loc. 117/146

Powered by Koha